[Event "14th Open Valle d'Aosta"]
[Site "Saint Vincent ITA"]
[Date "2006.10.05"]
[Round "6"]
[White "D'Amore,C"]
[Black "Bannink,B"]
[Result "1-0"]
[WhiteElo "2470"]
[BlackElo "2248"]

1.Nf3 d5 2.g3 Bg4 3.Bg2 Nd7 4.c4 dxc4 5.Na3 Ngf6 6.Nxc4 c6 7.Nfe5 Be6 8.O-O g6
9.d3 Bg7 10.a4 O-O 11.a5 Nxe5 12.Nxe5 Nd5 13.Nf3 h6 14.d4 Nf6 15.a6 Qc8 16.Ne5 Bd5
17.f3 Nd7 18.Bh3 e6 19.e4 Nxe5 20.exd5 Nc4 21.dxe6 f5 22.Re1 Re8 23.g4 f4
24.Qd3 Nb6 25.Qxg6 Qd8 26.Bxf4 Qxd4+ 27.Be3 Qxb2 28.axb7 Rab8 29.g5 hxg5
30.Bxg5 Nd5 31.Ra4 Qxb7 32.e7  1-0

[Event "WJun"]
[Site "Yerevan ARM"]
[Date "2006.10.05"]
[Round "3"]
[White "Meier,Geo"]
[Black "Jessel,S"]
[Result "1-0"]
[WhiteElo "2484"]
[BlackElo "2357"]

1.Nf3 d5 2.g3 Nf6 3.Bg2 e6 4.d4 b5 5.O-O Be7 6.Ne5 Bb7 7.Nd2 Nbd7 8.Nxd7 Nxd7
9.e4 dxe4 10.Nxe4 Bd5 11.Qg4 g6 12.Qh3 Nf6 13.Nc3 Bxg2 14.Qxg2 Rb8 15.a4 b4
16.Ne2 Qd5 17.Nf4 Qxg2+ 18.Kxg2 O-O 19.Be3 a6 20.Nd3 Bd6 21.Ne5 Rb7 22.Nc6 Nd5
23.Rad1 Rc8 24.b3 f6 25.Rfe1 Kf7 26.Bc1 Rb6 27.Na5 Bf8 28.Nc4 Rc6 29.a5 Rd8
30.Rd3 Bg7 31.Bd2 Rd7 32.g4 Kg8 33.h3 Kf7 34.Kf3 Rd8 35.Ra1 Rb8 36.Rd1 Rh8
37.Re1 Rd8 38.Rg1 Rd7 39.Ke2 Rd8 40.h4 Rd7 41.h5 f5 42.hxg6+ hxg6 43.Kf3 Rd8
44.Rh1 Kg8 45.Rh4 Nc3 46.Bxc3 bxc3 47.Ke3 Bf6 48.Rh1 Rd5 49.Rg1 Bg7 50.g5 Kf8
51.f3 Kg8 52.Rgd1 Kf8 53.f4 Ke7 54.Rh1 Kf8 55.Rh2 Kf7 56.Rh1 Kg8 57.Rhd1 Kf8
58.Rxc3 Rxa5 59.Rdd3 Ra1 60.Ne5 Rxc3 61.Rxc3 Re1+ 62.Kf3 Rd1 63.Rxc7 Rxd4
64.Nxg6+ Kg8 65.Ne7+ Kh7 66.Rc6 Rd2 67.Rxe6 Rxc2 68.Nxf5 Kg8 69.Rg6  1-0

[Event "7th Veselin Boskovic Mem Op"]
[Site "Beograd SRB"]
[Date "2006.10.06"]
[Round "5"]
[White "Ilic,Slo1"]
[Black "Masic,P"]
[Result "0-1"]
[WhiteElo "2225"]
[BlackElo "2370"]

1.Nf3 d5 2.g3 c5 3.Bg2 Nc6 4.O-O Nf6 5.d3 g6 6.c3 Bg7 7.Qc2 O-O 8.e4 e6 9.Nbd2 b6
10.Re1 Ba6 11.e5 Nd7 12.Qa4 Qc8 13.d4 b5 14.Qd1 cxd4 15.Nxd4 Ndxe5 16.N2b3 b4
17.Nc5 bxc3 18.bxc3 Nxd4 19.cxd4 Nc6 20.Be3 Rb8 21.Qd2 Bc4 22.Rac1 Rb5 23.h4 Nxd4
24.Bxd4 Bxd4 25.Qxd4 Qxc5 26.Qf6 Re8 27.h5 Qf8 28.Qg5 Rb2 29.hxg6 hxg6 30.Bh3 Qg7
31.a3 Qd4  0-1

[Event "Goodbye Summer Open"]
[Site "Omis CRO"]
[Date "2006.10.06"]
[Round "4"]
[White "Plenkovic,Z"]
[Black "Dumpor,A"]
[Result "1-0"]
[WhiteElo "2380"]
[BlackElo "2411"]

1.Nf3 d5 2.g3 Nf6 3.Bg2 g6 4.b3 Bg7 5.Bb2 O-O 6.O-O b6 7.c4 c6 8.d3 Bb7 9.Nbd2 Nbd7
10.Ne5 Nxe5 11.Bxe5 Qd7 12.Qc2 c5 13.Qb2 Rfd8 14.Rad1 Ne8 15.cxd5 Bxd5 16.Nf3 f6
17.Bc3 e5 18.Nd2 Nc7 19.f4 Bxg2 20.Kxg2 exf4 21.Rxf4 Nd5 22.Rf3 f5 23.Bxg7 Qxg7
24.Qxg7+ Kxg7 25.Rc1 Rd7 26.a3 Rad8 27.Kf2 Nc7 28.Rf4 Re7 29.Nf3 Nd5 30.Ra4 Ne3
31.h3 Rde8 32.b4 b5 33.Ra5 cxb4 34.axb4 Nd5 35.Nd4 a6 36.Rxa6 Nxb4 37.Rb6 Rd7
38.Nxb5 f4 39.gxf4 Nd5 40.Rd6 Rxd6 41.Nxd6 Re6 42.Ne4 Nxf4 43.Rc7+ Kg8 44.h4 h6
45.Rd7 Nh5 46.Kf3 Ng7 47.Rd6 Kf7 48.Rxe6 Kxe6 49.Ng3 Ke5 50.e3 Ne6 51.Ne2 g5
52.h5 Kf5 53.Ng3+ Ke5 54.d4+ Kf6 55.Ke4 g4 56.d5 Nc7 57.d6 Ne6 58.Kd5 Nd8
59.Ne4+ Kf5 60.d7 Ne6 61.Ng3+ Kf6 62.Kd6 Nd8 63.e4 Nf7+ 64.Kc7 Ke5 65.Nf5 Ng5
66.Kd8 Nxe4 67.Ke7 Kxf5 68.d8=Q  1-0

[Event "56th TCh-BUL"]
[Site "Sunny Beach BUL"]
[Date "2006.10.07"]
[Round "3"]
[White "Dimitrov,Vl"]
[Black "Rusev,K"]
[Result "1/2-1/2"]
[WhiteElo "2454"]
[BlackElo "2455"]

1.Nf3 d5 2.g3 Nf6 3.Bg2 c6 4.O-O Bg4 5.d3 Nbd7 6.Qe1 e5 7.h3 Bh5 8.e4 dxe4
9.dxe4 Be7 10.Nbd2 O-O 11.Nc4 Qc7 12.Nh4 Rfe8 13.Ne3 Bf8 14.Nef5  1/2-1/2

[Event "WJun"]
[Site "Yerevan ARM"]
[Date "2006.10.07"]
[Round "5"]
[White "Magalashvili,D"]
[Black "Jessel,S"]
[Result "1-0"]
[WhiteElo "2459"]
[BlackElo "2357"]

1.Nf3 d5 2.g3 Nf6 3.Bg2 e6 4.O-O b5 5.b3 c5 6.c4 bxc4 7.bxc4 Be7 8.Nc3 Nbd7
9.cxd5 Nxd5 10.Bb2 Rb8 11.Nxd5 Rxb2 12.Nxe7 Kxe7 13.Qc1 Qb6 14.Re1 Ba6 15.d3 Rc8
16.Nd2 Rb4 17.Qc3 f6 18.a3 Rb2 19.Nc4 Bxc4 20.Qxc4 Ne5 21.Qe4 c4 22.dxc4 Rxc4
23.Qxh7 Kf7 24.h3 Rcc2 25.Be4 Rc3 26.Qh5+ Kf8 27.e3 f5 28.Rad1 Rc5 29.Bh1 Rcc2
30.Rf1 Rxf2 31.Rxf2 Qxe3 32.Rf1 Nd3 33.Qf3 Qd4 34.Bg2 g6 35.g4 Rd2 36.gxf5 gxf5
37.h4 Ke7 38.h5 a5 39.h6 Kf6 40.Qg3 e5 41.h7  1-0

[Event "7th Veselin Boskovic Mem Op"]
[Site "Beograd SRB"]
[Date "2006.10.09"]
[Round "7"]
[White "Ivkov,B"]
[Black "Penev,I"]
[Result "1-0"]
[WhiteElo "2456"]
[BlackElo "2022"]

1.Nf3 d5 2.g3 Nf6 3.Bg2 c6 4.O-O Bf5 5.d3 e6 6.Nbd2 Nbd7 7.b3 Qc7 8.Bb2 O-O-O
9.c4 Bg6 10.a3 Kb8 11.b4 e5 12.cxd5 cxd5 13.Rc1 Qd6 14.Nb3 d4 15.Na5 Nb6
16.Nxd4 exd4 17.Nxb7 Qd7 18.Nxd8 Qxd8 19.Rc6 Be7 20.Qa1 Qd7 21.Bxd4 Nfd5
22.Be5+ Ka8 23.Rfc1 f6 24.Bd4 Rb8 25.Rc7 Qd8 26.Bxb6 axb6 27.Qd4 b5  1-0

[Event "7th Veselin Boskovic Mem Op"]
[Site "Beograd SRB"]
[Date "2006.10.09"]
[Round "7"]
[White "Arsovic,Z"]
[Black "Masic,P"]
[Result "1-0"]
[WhiteElo "2449"]
[BlackElo "2370"]

1.Nf3 d5 2.g3 Nf6 3.Bg2 c6 4.c4 g6 5.Qc2 Bg7 6.O-O O-O 7.d3 Re8 8.Bf4 Nbd7
9.cxd5 Nxd5 10.Bd2 e5 11.Na3 Qe7 12.Nc4 N7b6 13.Ng5 h6 14.Ne4 Be6 15.Na5 Rad8
16.Nc5 Bc8 17.b4 Qc7 18.Rac1 Na8 19.Ncb3 Qe7 20.Nc5 Qc7 21.Nab3 Qe7 22.a3 Nac7
23.Na5 Nb5 24.Qa2 Nd4 25.Rfe1 Kh7 26.h3 Kh8 27.Kh2 Kh7 28.a4 Ne6 29.Qb1 Nd4
30.Qa2 Ne6 31.Qb3 Nd4 32.Qc4 Nb6 33.Qa2 Nd5 34.b5 Nf6 35.bxc6 b6 36.Ncb7 bxa5
37.Nxd8 Qxd8 38.c7 Qe7 39.Bxa5 e4 40.Bc3 Be6 41.Qb2 Nb3 42.Rc2 Rc8 43.Be5 Ne8
44.Bxg7 Nxg7 45.Bxe4 Rxc7 46.e3 Ne8 47.d4 Nd6 48.Bg2 Na5 49.d5 Bc8  1-0

[Event "11th ECU Club Cup w"]
[Site "Feugen AUT"]
[Date "2006.10.09"]
[Round "2"]
[White "Chelushkina,I"]
[Black "Zoeller,T"]
[Result "1-0"]
[WhiteElo "2353"]
[BlackElo "2020"]

1.g3 d5 2.Nf3 Nf6 3.Bg2 e6 4.O-O Be7 5.d3 O-O 6.Nbd2 c5 7.e4 Nc6 8.Re1 a5
9.a4 Rb8 10.c3 b5 11.axb5 Rxb5 12.exd5 exd5 13.Nf1 Rb8 14.h3 Bd6 15.Ne3 d4
16.Nc4 dxc3 17.bxc3 Bc7 18.Ba3 Nd7 19.Nfd2 Nce5 20.d4 Nxc4 21.Nxc4 Ba6 22.Ne3 Bb6
23.Nd5 Bb7 24.Ne7+ Kh8 25.d5 Re8 26.d6 Bxg2 27.Kxg2 Ra8 28.Qf3 f6 29.Nc6 Qc8
30.Re7 Rxe7 31.dxe7 Qe8 32.Re1 Rc8 33.Re6 Qf7 34.Qd5 Nb8 35.Nxb8 Rxb8 36.Qc6 Qe8
37.Qxe8+ Rxe8 38.Rxb6  1-0

[Event "Muensterland Open"]
[Site "Senden GER"]
[Date "2006.10.09"]
[Round "4"]
[White "Haub,TM"]
[Black "Sazanov,Nikolay"]
[Result "1-0"]
[WhiteElo "2474"]
[BlackElo "2217"]

1.Nf3 d5 2.g3 e6 3.Bg2 f5 4.c4 Nf6 5.Qc2 c6 6.d3 Nbd7 7.O-O Bc5 8.Nc3 O-O
9.e4 fxe4 10.dxe4 dxc4 11.e5 Ng4 12.Ng5 g6 13.Nxe6 Rxf2 14.Rxf2 Bxf2+ 15.Qxf2 Qe7
16.Qe2 Qxe6 17.Bf4 g5 18.Bxg5 Ndxe5 19.h3 Nf7 20.Qd2 Qg6 21.Bh4 Nge5 22.Rf1 Bf5
23.g4 Bd3 24.Rf6 Qg7 25.Re6 h5 26.Bf6 Qg6 27.Rxe5 hxg4 28.Rg5 Nxg5 29.Qxg5 gxh3
30.Bxh3 Kf7 31.Qxg6+ Kxg6 32.Bd4 b5 33.Bg2 Rc8 34.Bc5 a5 35.a3 Rb8 36.Bxc6 b4
37.Nd5 c3 38.Nf4+ Kg5 39.Nxd3 cxb2 40.Nxb2 Rc8 41.Be7+ Kh6 42.Ba4 bxa3 43.Bxa3 Kg7
44.Kf2 Kf7 45.Ke2 Ke6 46.Nc4 Ra8 47.Ke3 Rh8 48.Kd4 Rh5 49.Bc6 Rg5 50.Ne3 Rh5
51.Bd5+ Kd7 52.Bf3 Rh4+ 53.Kd5 a4 54.Nc4 Rf4 55.Bg4+ Kd8 56.Ne5 Kc7 57.Bd6+ Kb7
58.Bd7 Rh4 59.Be8 Ka6 60.Kc6 Rh6 61.Nc4 a3 62.Nxa3 Ka5 63.Kc5 Rh8 64.Bd7 Rh5+
65.Kc4 Rh4+ 66.Kc3 Rh1 67.Nc4+ Ka6 68.Bc6 Rc1+ 69.Kb4 Rb1+ 70.Kc5 Rc1 71.Bd5 Rc2
72.Kc6 Rc1 73.Bc5 Rh1 74.Nd6 Rh6 75.Bc4+ Ka5 76.Bb3 Ka6 77.Be3 Rg6 78.Bc2 Re6
79.Bg5 Re1 80.Bd3+ Ka7 81.Kc7 Re5 82.Ne4 Ka8 83.Bf6 Rf5 84.Bd8 Rh5 85.Bc4 Rh1
86.Nc5 Rc1 87.Bd5+ Ka7 88.Kc6 Rc2 89.Be7 Kb8 90.Be6 Ka7 91.Kc7 Ka8 92.Bd6 Rxc5+
93.Kb6 Rh5 94.Bd7  1-0

[Event "56th TCh-BUL"]
[Site "Sunny Beach BUL"]
[Date "2006.10.09"]
[Round "5"]
[White "Milchev,N"]
[Black "Radulski,J"]
[Result "0-1"]
[WhiteElo "2213"]
[BlackElo "2472"]

1.Nf3 d5 2.g3 Nf6 3.Bg2 e6 4.O-O Be7 5.d4 O-O 6.c4 dxc4 7.Qc2 a6 8.Qxc4 b5
9.Qc2 Bb7 10.Bd2 Nbd7 11.Ba5 Ra7 12.Nbd2 Qa8 13.Qxc7 e5 14.Qc2 exd4 15.Nb3 Be4
16.Qd1 Ne5 17.Qxd4 Nc4 18.Bh3 Bd8 19.Bxd8 Rxd8 20.Qc3 Nd5 21.Qc1 Rc7 22.Qg5 h6
23.Qh4 Bxf3 24.exf3 Nxb2 25.f4 Nf6 26.Bg2 Qc8 27.Rac1 a5 28.Bh3 Qb8 29.Nxa5 Rxc1
30.Rxc1 Nd3 31.Nc6 Qb6 32.Rc2 Ne1 33.Rc3 Rd2 34.Ne7+ Kf8 35.g4 b4 36.Re3 Qxe3  0-1

[Event "56th TCh-BUL w"]
[Site "Sunny Beach BUL"]
[Date "2006.10.09"]
[Round "5"]
[White "Savova,S"]
[Black "Djingarova,E"]
[Result "1/2-1/2"]
[WhiteElo "2213"]
[BlackElo "2302"]

1.Nf3 d5 2.g3 Nc6 3.d4 Bf5 4.Bg2 Qd7 5.h3 h6 6.c3 Nf6 7.Qb3 O-O-O 8.a4 Ne4
9.a5 a6 10.Nbd2 g5 11.Nxe4 Bxe4 12.Be3 f5 13.Qa4 Bg7 14.b4 Nb8 15.Qxd7+ Nxd7
16.O-O e5 17.Nxe5 Nxe5 18.dxe5 Bxe5 19.Bd4 Rhe8 20.Bxe4 dxe4 21.e3 f4 22.Bxe5 Rxe5
23.exf4 gxf4 24.gxf4 Rf5 25.Rae1 Rxf4 26.Re3 Rg8+ 27.Rg3 Rgf8 28.Re3 b6 29.axb6 cxb6
30.c4 Kc7 31.Kg2 Kc6 32.Ra3 Rg8+ 33.Kh2 Kb7 34.Re3 a5 35.bxa5 bxa5 36.Rb1+ Kc6
37.Rb2 a4 38.Ra3 Ra8 39.Rba2 Rf3 40.Rxa4 Rxa4 41.Rxa4 Rxf2+ 42.Kg3 Rf3+ 43.Kg2 Kc5
44.Ra6 Kxc4 45.Rxh6 Kd3 46.h4 Rf5 47.Kg3 e3 48.Re6 e2 49.Rd6+ Kc3 50.Rc6+ Kd2
51.Rd6+ Ke1 52.Re6 Kf1 53.Kg4 Ra5 54.Rf6+ Kg2 55.Re6 Ra4+ 56.Kg5 Kf3 57.Rxe2 Kxe2
58.h5 Kf3 59.h6 Ke4 60.h7 Ra8 61.Kg6 Ra6+  1/2-1/2

[Event "56th TCh-BUL"]
[Site "Sunny Beach BUL"]
[Date "2006.10.09"]
[Round "5"]
[White "Radulov,I"]
[Black "Kozhuharov,S"]
[Result "1/2-1/2"]
[WhiteElo "2327"]
[BlackElo "2402"]

1.Nf3 d5 2.g3 Nf6 3.Bg2 c6 4.O-O Bg4 5.b3 Nbd7 6.d4 e6 7.c4 Bd6 8.Bb2 Qb8
9.Nbd2 O-O 10.Qe1 Re8 11.e4 Nxe4 12.Nxe4 dxe4 13.Qxe4 Nf6 14.Qe3 Bxf3 15.Qxf3 Be7
16.Rac1 Rd8 17.Rfd1 a5 18.Qe2 Rd7 19.d5 cxd5 20.cxd5 exd5 21.Bxf6 Bxf6 22.Rxd5 Re7
23.Qb5 g6 24.Rd7 Qe8 25.Qxb7 Rxd7 26.Qxa8 Qxa8 27.Bxa8 Rd2 28.Be4  1/2-1/2

[Event "56th TCh-BUL w"]
[Site "Sunny Beach BUL"]
[Date "2006.10.09"]
[Round "5"]
[White "Doncheva,M"]
[Black "Raeva,E"]
[Result "0-1"]
[WhiteElo "2067"]
[BlackElo "2217"]

1.Nf3 d5 2.g3 Nf6 3.Bg2 g6 4.b3 Bg7 5.Bb2 O-O 6.O-O Nbd7 7.d3 Re8 8.c4 e5
9.Qc2 c6 10.cxd5 Nxd5 11.Nc3 N7b6 12.Rad1 a5 13.Qb1 Bg4 14.h3 Bd7 15.Ne4 Qe7
16.Qc1 f5 17.Nc5 Bc8 18.e4 Nc7  0-1

[Event "56th TCh-BUL"]
[Site "Sunny Beach BUL"]
[Date "2006.10.10"]
[Round "6"]
[White "Ivanov,Stoi"]
[Black "Mladenov,I"]
[Result "1-0"]
[WhiteElo "2153"]
[BlackElo "2222"]

1.Nf3 d5 2.g3 Nf6 3.Bg2 c6 4.O-O Bg4 5.c4 e6 6.Ne5 Bh5 7.d3 Nbd7 8.Nxd7 Qxd7
9.Nc3 Be7 10.Bf4 O-O 11.Qc2 d4 12.Ne4 Ne8 13.h3 f5 14.Ng5 e5 15.Bc1 h6 16.Nf3 Bf6
17.b4 Nd6 18.a4 e4 19.Nh2 Rae8 20.c5 Nc8 21.Bf4 g5 22.Bb8 Bg6 23.b5 cxb5
24.Qb3+ Bf7 25.Qxb5 Qe7 26.Rab1 Bd5 27.g4 f4 28.dxe4 Bc6 29.Qd3 Qxc5 30.e5 Bxe5
31.Rfc1 Qe7 32.Bxc6 bxc6 33.Rxc6 Bg7 34.Rc7 Qxe2 35.Rxg7+ Kxg7 36.Rb7+ Re7
37.Qxe2 Rxb7 38.Be5+ Kg8 39.Qa6 Rb6 40.Qc4+ Kh7 41.Qc7+  1-0

[Event "22nd ECU Club Cup"]
[Site "Feugen AUT"]
[Date "2006.10.11"]
[Round "4"]
[White "Tisdall,J"]
[Black "Ogaard,L"]
[Result "1/2-1/2"]
[WhiteElo "2448"]
[BlackElo "2395"]

1.Nf3 d5 2.g3 Nf6 3.Bg2 c6 4.O-O Bg4 5.b3 Nbd7 6.Bb2 e6 7.d3 Bd6 8.Nbd2 O-O
9.Qe1 Re8 10.e4 e5 11.h3 Bxf3 12.Nxf3 a5 13.a4 Qc7 14.Nh4 dxe4 15.dxe4 b5
16.Nf5 Bb4 17.Qe3 h6 18.Kh1 Bf8 19.f4 exf4 20.gxf4 bxa4 21.Rxa4 g6 22.e5 Kh7
23.Qg3 Nh5 24.Qf3 Nb6 25.Raa1 Nd5 26.Ng3 Nxg3+ 27.Qxg3 Bg7 28.Rae1 f5 29.exf6 Bxf6
30.Bxd5 Rxe1 31.Rxe1 Bxb2 32.Be4 Qd6 33.Rg1 Rg8 34.Qf3 Bd4 35.Rd1 Qf6 36.f5 Kg7
37.fxg6 Qxf3+ 38.Bxf3 c5 39.Be4 Re8 40.Bd3 Re3 41.Kg2 Be5 42.Bf5 Kf6 43.Bd3 Rg3+
44.Kf2 Rxh3 45.Rf1 Kg7 46.Ke2 Rh2+ 47.Kd1 Bf6 48.Rf5 h5 49.Rxc5 Kh6 50.Rxa5 h4
51.Ra7 Bg7 52.Rf7 Rg2 53.Rf3 Bc3 54.Bf1 Rg3 55.Rxg3 hxg3 56.Ke2 Kxg6 57.Kd3 Be1
58.Kc4 Kf6 59.Kd5 Bc3 60.Kc4 Be1 61.Kd4 Ke6 62.c4 Bf2+ 63.Kd3 Be1 64.Kd4 Bf2+  1/2-1/2

[Event "22nd ECU Club Cup"]
[Site "Feugen AUT"]
[Date "2006.10.11"]
[Round "4"]
[White "Weindl,A"]
[Black "Nogly,C"]
[Result "1/2-1/2"]
[WhiteElo "2360"]
[BlackElo "2266"]

1.Nf3 d5 2.g3 Nc6 3.d4 Bg4 4.Bg2 e6 5.O-O Be7 6.c3 Nf6 7.Nbd2 O-O 8.Re1 Rb8
9.e4 dxe4 10.Nxe4 e5 11.Nxf6+ Bxf6 12.d5 Ne7 13.h3 Bxf3 14.Bxf3 Qd7 15.Kh2 Rfd8
16.Be3 Nxd5 17.Bxa7 Ra8 18.Qxd5 Qxd5 19.Bxd5 Rxd5 20.Be3 b5 21.a3 Be7 22.Red1 c6
23.b3 Kf8 24.Rxd5 cxd5 25.a4 bxa4 26.bxa4 Ke8 27.Rd1 Rxa4 28.Rxd5 Rc4 29.Rxe5 Rxc3  1/2-1/2

[Event "56th TCh-BUL"]
[Site "Sunny Beach BUL"]
[Date "2006.10.11"]
[Round "7"]
[White "Bratanov,Z"]
[Black "Andreev,S"]
[Result "1-0"]
[WhiteElo "2420"]
[BlackElo "2119"]

1.g3 d5 2.Nf3 Nf6 3.Bg2 e6 4.c4 c5 5.O-O Be7 6.d4 O-O 7.dxc5 Bxc5 8.Qc2 dxc4
9.Qxc4 Qc7 10.Na3 Na6 11.Bf4 Qb6 12.Be5 Bd7 13.Bxf6 gxf6 14.Qg4+ Kh8 15.Qh4 Be7
16.Ne5 Bc6 17.Bxc6 bxc6 18.Nd7 Qxb2 19.Nc4 Qxe2 20.Rfe1 Qf3 21.Nxf8 Bxf8
22.Nd2 Qf5 23.Ne4 Nc5 24.Rad1 Nxe4 25.Qxe4 Qxe4 26.Rxe4 f5 27.Rc4 c5 28.Rd7 Kg7
29.Kf1 a5 30.Rb7 Kg6 31.Ra4 Bh6 32.Ke2 Bg5 33.Rb5 Bf6 34.Raxa5 Rxa5 35.Rxa5 c4
36.Rc5 c3 37.Kd3 Kg5 38.Rc7  1-0

[Event "WJun"]
[Site "Yerevan ARM"]
[Date "2006.10.11"]
[Round "8"]
[White "Vitiugov,N"]
[Black "Frolyanov,D"]
[Result "1/2-1/2"]
[WhiteElo "2596"]
[BlackElo "2498"]

1.Nf3 d5 2.g3 Nf6 3.Bg2 e6 4.O-O c5 5.c4 Be7 6.cxd5 Nxd5 7.Nc3 Nc6 8.d4 Nxc3
9.bxc3 Bf6 10.e3 O-O 11.Rb1 Qc7 12.Ba3 Be7 13.Bxc5 Bxc5 14.dxc5 Rd8 15.Nd4 e5
16.Nb5 Qa5 17.Qh5 g6 18.Qf3 Bf5 19.Nd6 Rxd6 20.cxd6 Bxb1 21.Rxb1 Nd8 22.Qf6 Qxa2
23.Rb5 Qe6 24.Qe7 Kg7 25.Bd5 Qf6 26.Qc7 a5 27.c4 a4 28.c5 e4 29.d7 a3 30.Ra5 Rxa5
31.Qxa5 Qe5 32.Bc4 Qa1+ 33.Kg2 Qf6 34.Qd2 Qb2 35.Qd5 Qf6 36.h4 h5 37.Qxe4 Qc6
38.Bd5 Qxd7 39.Qe5+ Kh7 40.e4 Ne6 41.Qf6 Kg8 42.Kh2 Qd8 43.Qc3  1/2-1/2

[Event "22nd ECU Club Cup"]
[Site "Feugen AUT"]
[Date "2006.10.13"]
[Round "6"]
[White "Hausrath,D"]
[Black "Baburin,A"]
[Result "1/2-1/2"]
[WhiteElo "2529"]
[BlackElo "2541"]

1.Nf3 d5 2.g3 Nf6 3.Bg2 g6 4.b3 Bg7 5.Bb2 c5 6.c4 d4 7.b4 O-O 8.bxc5 Ne4
9.O-O Nc6 10.d3 Nxc5 11.Nbd2 Rb8 12.Rb1 b6 13.Ba3 Qc7 14.Nb3 Nxb3 15.Qxb3 h6
16.Rfc1 Bd7 17.Qd1 Rfe8 18.Ne1 e5 19.Nc2 Bf5 20.Nb4 Nxb4 21.Bxb4 e4 22.dxe4 Bxe4
23.Bxe4 Rxe4 24.c5 Rbe8 25.cxb6 Qxb6 26.Bf8 Qf6 27.Bxg7 Kxg7 28.Rc2 R8e7
29.Rb3 h5 30.Rd3 h4 31.f3 hxg3 32.hxg3 R4e6 33.Rxd4 Rxe2 34.Rxe2 Rxe2 35.Qxe2 Qxd4+
36.Kg2 a5 37.f4 Qd5+ 38.Kf2 Kf6 39.a4 g5 40.Qb2+ Ke7 41.fxg5 Qf5+ 42.Kg1 Qxg5
43.Qb7+ Kf6 44.Qb6+ Kg7 45.Qd4+ Kg6 46.Kg2 Qf5 47.Qd6+ f6 48.Qd4 Qc2+  1/2-1/2

[Event "Muensterland Open"]
[Site "Senden GER"]
[Date "2006.10.13"]
[Round "8"]
[White "Bienhuels,M"]
[Black "Kleinegger,F"]
[Result "0-1"]
[WhiteElo "2048"]
[BlackElo "2256"]

1.Nf3 d5 2.g3 Nf6 3.Bg2 g6 4.O-O Bg7 5.d3 O-O 6.Nbd2 d4 7.e4 dxe3 8.fxe3 c5
9.Qe2 Nc6 10.c3 e5 11.e4 Ne8 12.Nc4 h6 13.a4 Nd6 14.Nxd6 Qxd6 15.Nh4 b6 16.Be3 Be6
17.Kh1 Rad8 18.Rfd1 Kh7 19.Nf3 Qe7 20.h3 Rd6 21.Nd2 Rfd8 22.Nc4 Rxd3 23.Rxd3 Bxc4
24.Rad1 Na5 25.Qc2 Bxd3 26.Rxd3 c4 27.Rd5 Rxd5 28.exd5 Bf8 29.h4 h5 30.Be4 Qd6
31.g4 Qf6 32.Bg5 Qf1+ 33.Kh2 hxg4 34.h5 Qh3+ 35.Kg1 Bc5+  0-1

[Event "22nd ECU Club Cup"]
[Site "Feugen AUT"]
[Date "2006.10.14"]
[Round "7"]
[White "Movsesian,S"]
[Black "Schlosser,P"]
[Result "1/2-1/2"]
[WhiteElo "2637"]
[BlackElo "2554"]

1.g3 d5 2.Nf3 Nf6 3.Bg2 g6 4.O-O Bg7 5.d3 O-O 6.Nbd2 d4 7.Nc4 Nc6 8.e4 dxe3
9.Bxe3 Nd5 10.Bd2 Nb6 11.Nxb6 axb6 12.Qc1 e5 13.Re1 Re8 14.Bc3 Bf5 15.Nd2 Qd7
16.a3 Bh3 17.Bh1 Be6 18.Qd1 Rad8 19.Bg2  1/2-1/2

[Event "5th Cerrado Mondariz Balneario"]
[Site "Mondariz ESP"]
[Date "2006.10.14"]
[Round "7"]
[White "Frois,A"]
[Black "Huerga Leache,M"]
[Result "1-0"]
[WhiteElo "2345"]
[BlackElo "2315"]

1.Nf3 d5 2.g3 c5 3.Bg2 Nc6 4.d4 Nf6 5.O-O e6 6.c4 dxc4 7.dxc5 Qxd1 8.Rxd1 Bxc5
9.Nc3 O-O 10.Bg5 Nd5 11.Rac1 h6 12.Ne4 b6 13.Nxc5 bxc5 14.Bf4 Nxf4 15.gxf4 Rb8
16.Rxc4 Rxb2 17.Rxc5 Ne7 18.Rd2 Rb1+ 19.Bf1 Ng6 20.Rdc2 Bb7 21.Nd2 Rd1 22.Rc7 Ba6
23.e3 Nh4 24.Rc1 Rxc1 25.Rxc1 Rd8 26.Bxa6 Rxd2 27.a4 g5 28.fxg5 hxg5 29.h3 Ra2
30.Bb5 a6 31.Bc6 Kg7 32.Rc5 f5 33.Kf1 Kf6 34.Bd7 Ra1+ 35.Ke2 Ra2+ 36.Kf1 Ng6
37.Ra5 Ra1+ 38.Ke2 Ra2+ 39.Kf1 Ne5 40.Bc8 g4 41.Rxa6 Ra1+ 42.Ke2 Ra2+ 43.Kf1 Ra1+
44.Kg2 Kg5 45.hxg4 fxg4 46.Bb7 Ng6 47.Ra5+ Kf6 48.Be4 Ne5 49.Ra8 Ra2 50.Kg3 Nc4
51.Rf8+ Ke7 52.Ra8 Kf6 53.Bd3 Nd6 54.a5 Nf5+ 55.Bxf5 exf5 56.a6 Kg5 57.a7  1-0

[Event "IRT5"]
[Site "Sao Paulo BRA"]
[Date "2006.10.14"]
[Round "5"]
[White "Fernandez,He"]
[Black "Caporale,G"]
[Result "1-0"]
[WhiteElo "2105"]
[BlackElo "1879"]

1.Nf3 d5 2.g3 Bf5 3.Bg2 e6 4.c4 c6 5.b3 Nf6 6.Bb2 Nbd7 7.O-O Be7 8.d4 Qb6
9.Nbd2 Ne4 10.a3 Bf6 11.b4 Nxd2 12.Nxd2 O-O 13.e4 dxe4 14.Nxe4 Be7 15.Qe2 Rfe8
16.Rfd1 Rad8 17.h3 Qc7 18.Rac1 Qb8 19.Rc3 Nb6 20.Bc1 Rd7 21.Be3 Na4 22.Rcc1 Red8
23.c5 b5 24.Bf4 Qa8 25.Nd6 a6 26.g4 Bxd6 27.cxd6 Bg6 28.Bxc6 Qb8 29.Bxd7 Rxd7
30.Rc7 Nb6 31.Rdc1 Rd8 32.R1c6 Nd5 33.Bg3 a5 34.Rc5 axb4 35.axb4 Qa8 36.Qxb5 Be4
37.Qa5 Nxc7 38.dxc7 Qxa5 39.Rxa5 Rc8 40.Rb5 Bc6 41.Rb8 Bd7 42.b5 f6 43.b6 e5
44.dxe5 Kf7 45.b7  1-0

[Event "Autumn Cup"]
[Site "Bucharest ROM"]
[Date "2006.10.15"]
[Round "5"]
[White "Badea,B"]
[Black "Karakehajov,K"]
[Result "0-1"]
[WhiteElo "2508"]
[BlackElo "2458"]

1.Nf3 d5 2.g3 Nf6 3.Bg2 c6 4.h3 Nbd7 5.d3 e5 6.O-O Be7 7.Nc3 O-O 8.e4 dxe4
9.dxe4 Re8 10.Nd2 b6 11.Re1 Qc7 12.Nc4 Ba6 13.Ne3 Rad8 14.Nf5 Nc5 15.Qf3 Ne6
16.Ne2 Bb4 17.c3 Bf8 18.b4 Bd3 19.Nh6+ Kh8 20.Qf5 Bxe2 21.Rxe2 Bxb4 22.Bb2 Bc5
23.Qxe5 Qe7 24.Nf5 Qf8 25.g4 Rd3 26.Rae1 Nd7 27.Qh2 f6 28.Kh1 Ne5 29.f4 Ng6
30.Rf1 Ba3 31.Ba1 Nexf4 32.Ref2 Nxg2 33.Qxg2 Bc5 34.Re2 Bd6 35.Ref2 Be5 36.g5 Qa3
37.gxf6 gxf6 38.Nd4 Bxd4  0-1

[Event "32nd Guernsey Chess Festival"]
[Site "Grand Harve Bay GCI"]
[Date "2006.10.15"]
[Round "1"]
[White "Fraser,M"]
[Black "Taylor,RP"]
[Result "1-0"]
[WhiteElo "2191"]
[BlackElo "2013"]

1.Nf3 d5 2.g3 Nf6 3.Bg2 c6 4.O-O Bf5 5.b3 e6 6.Bb2 Nbd7 7.d3 Be7 8.Nbd2 O-O
9.Qe1 Qc7 10.e4 dxe4 11.dxe4 Bg6 12.h3 Rad8 13.a3 Nc5 14.Ne5 a5 15.Nxg6 hxg6
16.Nc4 b6 17.Qe2 Ncd7 18.e5 Nd5 19.Qe1 Nc5 20.Rd1 Rd7 21.Nd6 Bxd6 22.exd6 Qc8
23.c4 Nf6 24.Qe3 Rfd8 25.Be5 Ne8 26.b4 axb4 27.axb4 Nb7 28.c5 bxc5 29.bxc5 Nf6
30.Bxf6 gxf6 31.Rc1 Re8 32.Qf3 Nd8 33.Qxf6 Qa6 34.Rfe1 Qd3 35.Re4  1-0

[Event "ch-Nassau"]
[Site "Mineola USA"]
[Date "2006.10.16"]
[Round "1"]
[White "Zardus,D"]
[Black "Guevara,R"]
[Result "0-1"]
[WhiteElo "2020"]
[BlackElo "2114"]

1.Nf3 d5 2.g3 Bf5 3.d3 Nd7 4.Bg2 c6 5.O-O Ngf6 6.Nbd2 e5 7.h3 Qc7 8.c3 h6
9.Re1 e4 10.Nd4 Bh7 11.dxe4 dxe4 12.Nc4 g5 13.Ne3 O-O-O 14.Qa4 Kb8 15.b4 Nb6
16.Qb3 Nfd5 17.Nxd5 Nxd5 18.Bb2 e3 19.c4 exf2+ 20.Kxf2 Nxb4 21.a3 Bc5 22.Rad1 Bc2
23.Qc3 Bxd1 24.Rxd1 Na6 25.e3 Rhe8 26.Qb3 Bb6 27.Qa4 Nc5 28.Nxc6+ bxc6 29.Rxd8+ Rxd8
30.Qc2 Nd3+ 31.Ke2 Qxg3 32.Be5+ Nxe5 33.Qe4 f5 34.Qxe5+  0-1

[Event "III Open"]
[Site "Calvia ESP"]
[Date "2006.10.20"]
[Round "1"]
[White "Rautanen,S"]
[Black "Gomez,Joh"]
[Result "0-1"]
[WhiteElo "1925"]
[BlackElo "2387"]

1.Nf3 d5 2.g3 Nf6 3.Bg2 c6 4.O-O Bf5 5.b3 h6 6.Bb2 e6 7.d3 Be7 8.Nbd2 O-O
9.Qe1 Bh7 10.e4 a5 11.a4 Na6 12.Qe2 Re8 13.Rfd1 Qb6 14.e5 Nd7 15.Nf1 Ndc5
16.g4 Nb4 17.Bd4 Qc7 18.Ng3 b5 19.Qd2 bxa4 20.bxa4 Nd7 21.g5 hxg5 22.Nxg5 Nxe5
23.Nxh7 Kxh7 24.Qc3 f6 25.Re1 Bd6 26.Qd2 c5 27.Bb2 Rab8 28.Qe2 Kg8 29.Bc1 Nbc6
30.Kh1 c4 31.dxc4 Nxc4 32.Qh5 Qf7 33.Qe2 Be5  0-1

[Event "III Open"]
[Site "Calvia ESP"]
[Date "2006.10.21"]
[Round "2"]
[White "Tattersall,L"]
[Black "Ruprich,U"]
[Result "1-0"]
[WhiteElo "2254"]
[BlackElo "2035"]

1.Nf3 d5 2.g3 Nc6 3.d4 Bf5 4.Bg2 Nf6 5.O-O h6 6.c4 e6 7.Nc3 Be7 8.Ne5 O-O
9.cxd5 exd5 10.Nxc6 bxc6 11.Na4 Rb8 12.Bd2 Ne4 13.Be3 Qc8 14.Rc1 Qa6 15.f3 Nf6
16.Bf2 Rfe8 17.a3 Bf8 18.Re1 Bd7 19.Qc2 Qb5 20.Kh1 c5 21.Nxc5 Bxc5 22.dxc5 Qxb2
23.c6 Bc8 24.Bxa7 Qxc2 25.Rxc2 Rb3 26.Bc5 Bf5 27.Rcc1 Re6 28.Bb4 d4 29.Rc5 Bg6
30.Kg1 d3 31.e4 Ne8 32.Rd1 Rd6 33.Rd2 f6 34.Kf2 Bf7 35.Bf1 Rd8 36.Rc3 Rxc3
37.Bxc3 Rd6 38.Bxd3 Rxc6 39.Bd4 Rc1 40.a4 Bc4 41.Bb2 Bxd3 42.Bxc1 Ba6 43.Ba3 Bc4
44.a5 Bb5 45.Rb2 c6 46.f4 Nc7 47.Ke3 Kf7 48.f5 h5 49.Kd4 g6 50.Kc5 gxf5 51.Kb6 Ne8
52.Rxb5 cxb5 53.exf5  1-0

[Event "10th Essent Open"]
[Site "Hoogeveen NED"]
[Date "2006.10.22"]
[Round "3"]
[White "Ibrahimov,R"]
[Black "Van Beek,Al"]
[Result "1/2-1/2"]
[WhiteElo "2541"]
[BlackElo "2379"]

1.Nf3 d5 2.g3 Nf6 3.Bg2 c6 4.O-O Bg4 5.d3 Nbd7 6.Nbd2 e5 7.e4 dxe4 8.dxe4 Bc5
9.h3 Bh5 10.Qe1 O-O 11.Nc4 Bxf3 12.Bxf3 Qe7 13.Kg2 Rfd8 14.Qe2 Nf8 15.c3 a5
16.a4 Qc7 17.Bg5 Be7 18.Qe3 Ne6 19.Bxf6 Bxf6 20.Bg4 Bg5 21.Qb6 Qxb6 22.Nxb6 Ra6
23.Nc4 Nc5 24.Nxe5 Nxe4 25.Rfd1 Raa8 26.Nd7 g6 27.Rd3 Nf6 28.Rad1 Nxd7 29.Rxd7 Rxd7
30.Rxd7 Rb8  1/2-1/2